1096 1615 1437 1793 1210 1815 1759 1398 1855 1664 1190 1610 1127 1504 1221 1337 1113 1483 1137 1143 1501 1433 1874 1688 1222 1429 1482 1187 1672 1156 1537 1211 1446 1201 1970 1932 1302 1730 1197 1904 1770 1833 1371 1861 1712 1937 1511 1900 1842 1541 1445 1281 1838 1922 1429 1454 1157 1450 1307 1571 1328 1268 1654 1796 1268 1306 1808 1460 1599 1680 1206 1226 1421 1892 1988 1749 1969 1154 1184 1118 1285 1165 1012 1739 1006 1640 1553 1576 1542 1703 1930 1845 1468 1520 1949 1103 1063 1327 1894 BCNSPRNW ULIB Ver.6.0+V

เปลี่ยนเป็นภาษาไทย

Change to English
 แสดงรายละเอียดบรรณานุกรม
  กลับหน้าหลัก

Brief Record : Get Marc (ISO 2709) : E-mail record : QR code < ปิดหน้าต่าง
LEADER : 00000nam a2200000Ia 4500
001    13399125525
003     ULIB
008    160302s2558 th a b 000 0 tha d
020    ^a9786161807467
040    ^absi
060 04 ^aWB327^bร135ป
100 0  ^aรติกร เมธาวีกุล
245 10 ^aป้องกันโรคเดี๋ยวนี้สุขภาพดีตลอดชีวิต /^cรติกร เมธาวีกุล, เขียน
250    ^aพิมพ์ครั้งที่ 1
260    ^aกรุงเทพฯ :^bอมรินทร์เฮลท์,^c2558
300    ^a168, [3] หน้า :^bภาพประกอบ ;^c21 ซม.
490 1  ^aชุดชีวิตและสุขภาพ ;^vลำดับที่ 187
650  2 ^aDisease^xprevention & control
650  2 ^aSelf care
650  4 ^aการดูแลสุขภาพด้วยตนเอง
650  4 ^aโรค^xการป้องกันและควบคุม
650  4 ^aสุขภาพ
830  0 ^aชุดชีวิตและสุขภาพ ;^vลำดับที่ 187
945    ^p225^l0^i25202
995    ^aกัณชพร
999    ^aกัณชพร
รายการนี้ยังไม่มีแท็ก
คุณยังไม่ได้ล็อกอิน คุณสามารถมีกิจกรรมร่วมกับเว็บไซต์ได้ แต่ต้องล็อกอินก่อน ::
  ล็อกอิน

รายการสื่อสารสนเทศ

ลำดับที่ ประเภท เลขเรียก/บาร์โค้ด สถานที่ สถานะ
1. หนังสือสำรอง
หนังสือสำรอง
WB327 ร135ป ฉ.1 
  Barcode: 25202
ห้องสมุดวิทยาเขตนครสวรรค์
►หนังสือทั่วไป:l:General Books
บนชั้น

รายการใกล้เคียง
    ผู้แต่ง [รติกร เมธาวีกุล]

    หัวเรื่อง [Self care]
    หัวเรื่อง [การดูแลสุขภาพด้วยตนเอง]
    หัวเรื่อง [สุขภาพ]

BibComment


ยังไม่เคยถูกคอมเมนท์

คอมเมนท์ทรัพยากรรายการนี้
  คอมเมนท์: ป้องกันโรคเดี๋ยว..


 Copyright 2026. Bcnsprnw @Library